00513 2200193 4500001002100000005001500021035002000036245005300056100001600109300002800125260003400153082000800187084001400195020002200209008004100231990001500272990001600287990001600303INLIS00000000000314820260210085847 a0010-11250000091 aSosiologi XII ( Buku Pendamping ) /cDwi Mulyono0 aDwi Mulyono a212 hlm ;c20 x 25,5 cm aSolo :bTiga Serangkai,c2023 a301 a301 DWI s a978-623-269-916-8260210 0  a19599/H/26 a19.921/B/26 a19.922/B/26